| 000 | 00669nam a2200205 a 4500 | ||
|---|---|---|---|
| 001 | 2579 | ||
| 003 | CDMR | ||
| 005 | 20131105122312.0 | ||
| 008 | 130130s1999||||||||||||||||||||||||||||d | ||
| 020 | _a843704037X | ||
| 040 |
_aCDMR _bcat _cCDMR |
||
| 100 | 1 |
_91934 _aChillón, Albert _d1960- |
|
| 245 | 1 | 0 |
_aLiteratura y periodismo _b: una tradición de relaciones promiscuas _c Albert Chillón ; prólogo de Manuel Vázquez Montalbán |
| 260 |
_aBarcelona _c1999 _bUniversitat de València |
||
| 490 | 0 |
_aAldea Global _v5 |
|
| 650 | 0 | 4 |
_93088 _aPeriodisme i literatura |
| 650 | 0 | 4 |
_9797 _aReportatges literaris |
| 700 | 1 |
_9766 _aVázquez Montalbán, Manuel |
|
| 942 |
_cMON _2udc |
||
| 999 |
_c2579 _d2579 |
||